[Event "C.to Italiano Semifinale"]
[Site "Limone Piemonte ITA"]
[Date "2001.06.29"]
[Round "6"]
[White "Buchicchio, Giampaolo"]
[Black "Scarenzio, Renato"]
[Result "0-1"]
[WhiteElo "2191"]
[BlackElo "2107"]
[PlyCount "56"]
[EventDate "2001.06.24"]

1. e4 c6 2. Nc3 d5 3. Qf3 dxe4 4. Nxe4 Nd7 5. b3 Ndf6 6. Bb2 Nxe4 7. Qxe4 e6 8.
c4 Nf6 9. Qc2 Bc5 10. Be2 Qb6 11. Nh3 e5 12. O-O-O Bxh3 13. gxh3 Bd4 14. Qf5
Bxb2+ 15. Kxb2 Qd4+ 16. Kb1 Ne4 17. Bf3 Nxf2 18. Rhe1 Nd3 19. Kc2 Rd8 20. Bd5
Nxe1+ 21. Rxe1 cxd5 22. Rxe5+ Kf8 23. Rxd5 Rxd5 24. cxd5 Ke7 25. Qg5+ Kd6 26.
Qg3+ Kxd5 27. Qg5+ Ke6 28. Kb1 Qe4+ 0-1

[Event "C.to Italiano Semifinale"]
[Site "Limone Piemonte ITA"]
[Date "2001.06.29"]
[Round "6"]
[White "Camerini, Lorenzo"]
[Black "Farina, Saverio"]
[Result "1/2-1/2"]
[WhiteElo "1834"]
[BlackElo "2148"]
[PlyCount "84"]
[EventDate "2001.06.24"]

1. e4 e6 2. Nc3 d5 3. exd5 exd5 4. d4 c5 5. dxc5 Nf6 6. Be3 Nc6 7. Nf3 Be7 8.
Be2 Be6 9. O-O Ng4 10. Bd4 O-O 11. h3 Nf6 12. Be3 Rc8 13. Nb5 Ne4 14. c3 Bxc5
15. Bxc5 Nxc5 16. Nbd4 Nxd4 17. Nxd4 Qg5 18. Kh1 Ne4 19. Bd3 Rce8 20. Bxe4 dxe4
21. Nxe6 Rxe6 22. Qd4 Qb5 23. c4 Qa5 24. Rfd1 Rfe8 25. Qe3 h6 26. Rd7 Qb4 27.
b3 a5 28. Rd5 Re5 29. Rxe5 Rxe5 30. Rd1 Re7 31. Qe1 Qb6 32. Qd2 Kh7 33. Qd4
Qxd4 34. Rxd4 Kg6 35. Kg1 Kf5 36. Rd5+ Kf4 37. Rxa5 e3 38. fxe3+ Rxe3 39. Kf2
Rc3 40. g3+ Ke4 41. Ra8 Rc2+ 42. Ke1 f5 1/2-1/2

[Event "C.to Italiano Semifinale"]
[Site "Limone Piemonte ITA"]
[Date "2001.06.29"]
[Round "6"]
[White "Capece, Adolivio"]
[Black "Modena, Giorgio"]
[Result "1-0"]
[WhiteElo "2075"]
[BlackElo "1765"]
[PlyCount "87"]
[EventDate "2001.06.24"]

1. Nf3 d5 2. c4 c6 3. d4 Nf6 4. Bf4 dxc4 5. e3 b5 6. Be2 Nd5 7. Bxb8 Rxb8 8.
O-O Bg4 9. Ne5 Bxe2 10. Qxe2 Qd6 11. Qf3 Qe6 12. Nc3 Rd8 13. Ne4 h6 14. a4 b4
15. Rac1 c3 16. bxc3 g5 17. cxb4 Nxb4 18. Rb1 a5 19. Nc5 Qf6 20. Nb7 Qxf3 21.
Nxf3 Rc8 22. Nxa5 e6 23. Ne5 Bd6 24. Rfc1 O-O 25. Nexc6 Nd5 26. g3 Ra8 27. Nc4
Bc7 28. a5 Kg7 29. e4 Nf6 30. f3 Nd7 31. Rb7 Rfc8 32. Ne7 Re8 33. Rxc7 Rxe7 34.
Nb6 Rd8 35. Nxd7 Rdxd7 36. Rxd7 Rxd7 37. Rc4 f5 38. exf5 exf5 39. Ra4 Kf6 40.
a6 Ra7 41. Kf2 Ke6 42. Ra5 h5 43. Ke3 g4 44. fxg4 1-0

[Event "C.to Italiano Semifinale"]
[Site "Limone Piemonte ITA"]
[Date "2001.06.29"]
[Round "6"]
[White "Costantini, Roberto"]
[Black "Martorelli, Antonio"]
[Result "1/2-1/2"]
[WhiteElo "2268"]
[BlackElo "2315"]
[PlyCount "102"]
[EventDate "2001.06.24"]

1. e4 c5 2. Nf3 e6 3. d4 cxd4 4. Nxd4 a6 5. Nc3 b5 6. Bd3 Bc5 7. Nb3 Ba7 8. Qe2
d6 9. Bd2 Nc6 10. a4 b4 11. Nd1 Nf6 12. Ne3 O-O 13. O-O Re8 14. Ng4 Nxg4 15.
Qxg4 Ne5 16. Qg3 Nxd3 17. cxd3 a5 18. Bg5 f6 19. Be3 e5 20. Bxa7 Rxa7 21. d4 f5
22. dxe5 dxe5 23. Rfd1 Rd7 24. Rxd7 Bxd7 25. Rd1 Qc7 26. exf5 Bxf5 27. h3 Be6
28. Rc1 Qd8 29. Nc5 Qd2 30. Nb3 Qxb2 31. Rc7 Bf7 32. Nxa5 Qa3 33. Qg5 Qxa4 34.
Nc6 b3 35. Ne7+ Kh8 36. Nf5 Bg6 37. Rxg7 Qf4 38. Qf6 Qxf5 39. Rxg6+ Qxf6 40.
Rxf6 b2 41. Rb6 e4 42. Rxb2 e3 43. fxe3 Rxe3 44. Rb7 Kg8 45. Kh2 Ra3 46. h4 Rc3
47. g3 Ra3 48. Kh3 Ra4 49. h5 Rc4 50. g4 Rc3+ 51. Kh4 h6 1/2-1/2

[Event "C.to Italiano Semifinale"]
[Site "Limone Piemonte ITA"]
[Date "2001.06.29"]
[Round "6"]
[White "Gardon, Ermanno"]
[Black "Scuderi, David"]
[Result "1/2-1/2"]
[WhiteElo "2082"]
[BlackElo "1702"]
[PlyCount "172"]
[EventDate "2001.06.24"]

1. e4 e6 2. d4 d5 3. Nc3 Bb4 4. exd5 exd5 5. Bd3 Nf6 6. Bg5 Nc6 7. a3 Be7 8.
Nge2 h6 9. Bh4 Be6 10. O-O a6 11. f4 Bg4 12. Qd2 Qd7 13. Rae1 O-O-O 14. Bf2 Bf5
15. Bxf5 Qxf5 16. Ng3 Qd7 17. Qd3 Ng4 18. Nf5 Nxf2 19. Nxe7+ Nxe7 20. Rxf2 Rhe8
21. Rfe2 c6 22. Na4 Kb8 23. Nc5 Qc7 24. Qb3 Kc8 25. Qxb7+ Qxb7 26. Nxb7 Rd7 27.
Nc5 Ra7 28. Nxa6 Kd7 29. Nc5+ Kd6 30. c3 Rb8 31. Nd3 Rab7 32. Nb4 Ng8 33. Re8
Nf6 34. Rxb8 Rxb8 35. h3 Ne4 36. Nd3 Nd2 37. Re2 Ne4 38. Kh2 Rb7 39. Nb4 c5 40.
dxc5+ Kxc5 41. g4 Kc4 42. Kg2 Nc5 43. Rd2 Nb3 44. Re2 Nc1 45. Re3 Rd7 46. Kf3
Nb3 47. Nc6 Kc5 48. Ne5 Rb7 49. Kg3 Nd2 50. b4+ Kb5 51. Rd3 Ne4+ 52. Kf3 Ka4
53. c4 dxc4 54. Nxc4 Nf6 55. Ne5 Ra7 56. g5 Ne8 57. gxh6 gxh6 58. Rd7 Rxd7 59.
Nxd7 Nd6 60. Ne5 Kxa3 61. b5 Kb4 62. b6 f6 63. Nf7 Nb7 64. Nxh6 Kc5 65. Ng4
Kxb6 66. Nxf6 Kc6 67. Kg4 Kd6 68. Kg5 Ke7 69. h4 Nd8 70. Ng4 Ne6+ 71. Kf5 Ng7+
72. Kg6 Ne6 73. f5 Nf8+ 74. Kg7 Nd7 75. f6+ Ke6 76. f7 Kf5 77. Nf6 Nc5 78. Ne8
Kg4 79. Kg8 Nd7 80. Kg7 Kxh4 81. Nf6 Nc5 82. Ne4 Nd7 83. Nc5 Nxc5 84. Kf6 Nd7+
85. Ke7 Ne5 86. Kf6 Nxf7 1/2-1/2

[Event "C.to Italiano Semifinale"]
[Site "Limone Piemonte ITA"]
[Date "2001.06.29"]
[Round "6"]
[White "Genocchio, Daniele"]
[Black "Tatai, Stefano"]
[Result "1/2-1/2"]
[WhiteElo "2278"]
[BlackElo "2352"]
[PlyCount "65"]
[EventDate "2001.06.24"]

1. e4 c5 2. Nf3 d6 3. d4 cxd4 4. Nxd4 Nf6 5. f3 e5 6. Nb3 d5 7. Bg5 Be6 8. exd5
Qxd5 9. N1d2 Qc6 10. Bd3 Nbd7 11. Qe2 Be7 12. c4 h6 13. Be3 O-O 14. O-O a5 15.
Rab1 a4 16. Na1 Nc5 17. Bc2 Na6 18. Rbc1 Nb4 19. Bb1 a3 20. b3 Rfd8 21. Rfd1
Bc5 22. Ne4 Bxe3+ 23. Qxe3 Nxe4 24. Bxe4 Qc7 25. Nc2 Nxc2 26. Bxc2 b6 27. Re1
Ra5 28. b4 Ra7 29. Bb3 f6 30. c5 Qf7 31. cxb6 Rad7 32. Bxe6 Qxe6 33. Rc2
1/2-1/2

[Event "C.to Italiano Semifinale"]
[Site "Limone Piemonte ITA"]
[Date "2001.06.29"]
[Round "6"]
[White "Iotti, Pierluigi"]
[Black "Opacic, Alexandar"]
[Result "1-0"]
[WhiteElo "2318"]
[BlackElo "1921"]
[PlyCount "99"]
[EventDate "2001.06.24"]

1. d4 d5 2. c4 c6 3. Nf3 Nf6 4. Nc3 dxc4 5. a4 Bf5 6. e3 e6 7. Bxc4 Nbd7 8. O-O
Bd6 9. Qe2 Bg4 10. Rd1 Qe7 11. e4 e5 12. d5 O-O 13. Bg5 Rfe8 14. h3 Bh5 15.
Rac1 Rad8 16. g4 Bg6 17. Nh4 Bc5 18. Nxg6 hxg6 19. a5 Nf8 20. a6 Qc7 21. axb7
Qxb7 22. dxc6 Rxd1+ 23. Rxd1 Qb8 24. Bxf6 gxf6 25. Nd5 Qd6 26. c7 Rc8 27. Ba6
Rxc7 28. Nxc7 Qxc7 29. Bc4 g5 30. Qd3 Bd4 31. Qb3 Ng6 32. Rd2 Nf4 33. Kh2 Kg7
34. Qb5 Qe7 35. Rc2 Bb6 36. Rd2 Bd4 37. b4 Ng6 38. Rc2 Nf4 39. Bb3 Bb6 40. Rd2
Bd4 41. Kg3 Ng6 42. Rc2 Nf4 43. Rc8 Qd6 44. Rc2 f5 45. Qc4 Qf8 46. exf5 Qd6 47.
Qxf7+ Kh6 48. Rc6 Bxf2+ 49. Kxf2 Qxc6 50. Qf8+ 1-0

[Event "C.to Italiano Semifinale"]
[Site "Limone Piemonte ITA"]
[Date "2001.06.29"]
[Round "6"]
[White "Parrella, Alfredo"]
[Black "Petruccioli, Antonio"]
[Result "1-0"]
[WhiteElo "2174"]
[BlackElo "2097"]
[PlyCount "81"]
[EventDate "2001.06.24"]

1. e4 c5 2. Nf3 a6 3. c4 e6 4. Nc3 d6 5. d4 cxd4 6. Nxd4 Nf6 7. Be2 Nbd7 8. O-O
b6 9. Be3 Bb7 10. f3 Be7 11. Qd2 O-O 12. Rfd1 Re8 13. Nc2 Qc7 14. Rac1 Ne5 15.
b3 Rad8 16. Nd4 Qb8 17. Na4 d5 18. exd5 exd5 19. c5 bxc5 20. Nxc5 Bxc5 21. Rxc5
Ned7 22. Rc2 Rc8 23. Rdc1 Rxc2 24. Rxc2 Qd6 25. Bf2 Rc8 26. Rxc8+ Bxc8 27. Qa5
g6 28. Qd8+ Qf8 29. Qc7 Kg7 30. Nc6 Qe8 31. Bf1 Nf8 32. Bd4 Bd7 33. Qf4 Qe6 34.
Nb4 Bc8 35. Nxd5 N8d7 36. Nxf6 Nxf6 37. g4 h6 38. h4 Qe1 39. Qxf6+ Kf8 40. Qd8+
Qe8 41. Bc5+ 1-0

[Event "C.to Italiano Semifinale"]
[Site "Limone Piemonte ITA"]
[Date "2001.06.29"]
[Round "6"]
[White "Piscopo, Pierluigi"]
[Black "Laco, Giuseppe"]
[Result "1-0"]
[WhiteElo "2212"]
[BlackElo "2186"]
[PlyCount "81"]
[EventDate "2001.06.24"]

1. e4 c5 2. Nf3 e6 3. Nc3 a6 4. g3 b5 5. Bg2 Bb7 6. d3 Ne7 7. O-O h6 8. Be3 d6
9. a4 b4 10. Ne2 Nd7 11. c3 a5 12. Nd2 Ne5 13. d4 Ng4 14. Nf4 Nxe3 15. fxe3 e5
16. Nh5 Ba6 17. Rf2 Qc7 18. cxb4 axb4 19. Qb3 Nc6 20. dxc5 dxc5 21. Nc4 Ra7 22.
Rd1 Rh7 23. Bh3 Bc8 24. Bxc8 Qxc8 25. Rd5 Qe6 26. Qd1 Rc7 27. Nd6+ Bxd6 28.
Rxd6 Qe7 29. Rfd2 Rc8 30. Qg4 Rc7 31. Nxg7+ Kf8 32. Nf5 Qe8 33. Qh4 f6 34.
Rxf6+ Kg8 35. Rfd6 Rc8 36. Rxh6 Rcc7 37. Rdd6 c4 38. Qg5+ Kh8 39. Qf6+ Kg8 40.
Qg5+ Kh8 41. Rxc6 1-0

[Event "C.to Italiano Semifinale"]
[Site "Limone Piemonte ITA"]
[Date "2001.06.29"]
[Round "6"]
[White "Rossato, Armando"]
[Black "Vismara, Daniele"]
[Result "1/2-1/2"]
[WhiteElo "2203"]
[BlackElo "2231"]
[PlyCount "119"]
[EventDate "2001.06.24"]

1. d4 d5 2. e4 e6 3. Nc3 Bb4 4. exd5 exd5 5. Be3 Nf6 6. a3 Bxc3+ 7. bxc3 O-O 8.
Bd3 b6 9. Qf3 Re8 10. h3 c5 11. Ne2 cxd4 12. cxd4 Ba6 13. O-O Bxd3 14. cxd3 Nc6
15. Rac1 Qd7 16. Rc3 Ne7 17. g4 Rec8 18. Rfc1 Rxc3 19. Rxc3 Rc8 20. Rxc8+ Nxc8
21. Bg5 Ne8 22. Nc3 f6 23. Bf4 Ne7 24. Qe2 Kf7 25. Qa2 g5 26. Bg3 Ng7 27. Ne4
Ne6 28. Nd6+ Kg6 29. Qb2 Nf4 30. Bxf4 gxf4 31. Nb5 f5 32. f3 fxg4 33. hxg4 h5
34. gxh5+ Kxh5 35. Nc3 Qh3 36. Qe2 Qh4 37. Qe5+ Qg5+ 38. Kf2 Qxe5 39. dxe5 Nc6
40. e6 Ne7 41. Nb5 a5 42. Nd4 Kg5 43. Kg2 Kf6 44. Kh3 Ke5 45. Ne2 Ng6 46. Kg4
Kxe6 47. Kg5 Ne5 48. Kxf4 Nxd3+ 49. Ke3 Nc5 50. Kd4 Kd6 51. f4 Ne6+ 52. Kd3 b5
53. f5 Nc5+ 54. Kd4 b4 55. axb4 axb4 56. f6 Ne6+ 57. Kd3 Ke5 58. f7 Kf6 59.
f8=Q+ Nxf8 60. Kd4 1/2-1/2

[Event "C.to Italiano Semifinale"]
[Site "Limone Piemonte ITA"]
[Date "2001.06.29"]
[Round "6"]
[White "Sbarra, Marco"]
[Black "Basciu, Simone"]
[Result "1/2-1/2"]
[WhiteElo "2303"]
[BlackElo "2157"]
[PlyCount "163"]
[EventDate "2001.06.24"]

1. d4 d5 2. c4 e6 3. Nc3 Be7 4. Nf3 Nf6 5. cxd5 exd5 6. Bf4 c6 7. h3 Bf5 8. g4
Be4 9. Bg2 O-O 10. Qb3 Qb6 11. Qxb6 axb6 12. Nxe4 Nxe4 13. O-O Nd7 14. Ne1 Bg5
15. Bxg5 Nxg5 16. Nd3 Rfe8 17. e3 Ne4 18. a4 Nd6 19. Rfe1 b5 20. Nc5 Rad8 21.
axb5 Nxc5 22. dxc5 Nxb5 23. Bf1 Nc7 24. Ra7 Rb8 25. Bd3 Ne6 26. Rc1 g6 27. b4
b6 28. Ra6 bxc5 29. bxc5 Rec8 30. Be2 Ra8 31. Kg2 Rxa6 32. Bxa6 Rc7 33. h4 Kf8
34. Rc3 Ke7 35. f4 Ra7 36. f5 Rxa6 37. fxe6 Kxe6 38. Kf3 Ra4 39. Rb3 Rc4 40.
Rb8 Kf6 41. Rg8 h6 42. Rh8 Kg7 43. Rc8 Rxc5 44. g5 h5 45. Kf4 Rc4+ 46. Kg3 Rc3
47. Kf2 Rc4 48. Kg3 Rg4+ 49. Kh3 Re4 50. Rxc6 Rxe3+ 51. Kg2 Re6 52. Rc5 Rd6 53.
Kf2 d4 54. Ke1 Re6+ 55. Kf2 Re4 56. Kg3 Rg4+ 57. Kh3 Kf8 58. Re5 Rf4 59. Kg3
Rf5 60. Re4 Rd5 61. Kf2 Rd6 62. Ke2 d3+ 63. Kd2 f6 64. gxf6 Kf7 65. Rf4 Rxf6
66. Rd4 Rf3 67. Rxd3 Rf4 68. Rh3 Kf6 69. Ke3 Ra4 70. Rh1 Ke5 71. Kf3 Ra3+ 72.
Kg2 Kf4 73. Rb1 Rg3+ 74. Kh2 Re3 75. Rb4+ Re4 76. Rb6 Kf5 77. Rb5+ Re5 78. Rb4
Re4 79. Rb5+ Kg4 80. Rg5+ Kxh4 81. Rxg6 Re2+ 82. Kg1 1/2-1/2

[Event "C.to Italiano Semifinale"]
[Site "Limone Piemonte ITA"]
[Date "2001.06.29"]
[Round "6"]
[White "Scalcione, Michelangelo"]
[Black "Manzardo, Bruno"]
[Result "1-0"]
[WhiteElo "2177"]
[BlackElo "2005"]
[PlyCount "85"]
[EventDate "2001.06.24"]

1. Nf3 d6 2. d4 g6 3. c4 Bg7 4. Nc3 Nf6 5. e4 O-O 6. Be2 c5 7. d5 Bg4 8. O-O
Nbd7 9. h3 Bxf3 10. Bxf3 Ne8 11. Qc2 e5 12. dxe6 fxe6 13. Bg4 Qf6 14. Be3 Ne5
15. Be2 Nc6 16. Rad1 a6 17. f4 Nd4 18. Bxd4 cxd4 19. Na4 Qh4 20. Kh2 Qh6 21. g3
Nf6 22. c5 dxc5 23. Qb3 c4 24. Qxc4 b5 25. Qxe6+ Kh8 26. Nc5 Rfe8 27. Qd6 Nxe4
28. Nxe4 Rxe4 29. Bf3 Ree8 30. Bxa8 Rxa8 31. Rfe1 Qh5 32. Rxd4 Qf3 33. Rd2 Rf8
34. Rde2 a5 35. Qd2 h5 36. h4 Kh7 37. Re7 Rc8 38. R1e3 Qa8 39. Rd7 Kg8 40. Ree7
Bf6 41. Re2 Kh8 42. Qd6 Rc6 43. Qxc6 1-0

[Event "C.to Italiano Semifinale"]
[Site "Limone Piemonte ITA"]
[Date "2001.06.29"]
[Round "6"]
[White "Stroppa, Daniel"]
[Black "Vezzosi, Paolo"]
[Result "0-1"]
[WhiteElo "2161"]
[BlackElo "2423"]
[PlyCount "138"]
[EventDate "2001.06.24"]

1. d4 Nf6 2. Nf3 b6 3. e3 e6 4. Be2 Be7 5. O-O O-O 6. c4 Bb7 7. Nc3 d5 8. b3
Nbd7 9. Bb2 a6 10. Rc1 Bd6 11. Qc2 Qe7 12. Na4 dxc4 13. bxc4 Be4 14. Qd1 Rfd8
15. Nd2 Bg6 16. Bf3 Rab8 17. e4 Bf4 18. Re1 b5 19. cxb5 axb5 20. Nc3 Qb4 21.
Rc2 Nb6 22. a3 Qf8 23. Nb3 Nc4 24. Qa1 Bh6 25. Nb1 Qe7 26. Rxc4 bxc4 27. Na5
Bf4 28. Nc6 Qd7 29. Nxd8 Qxd8 30. g3 Bh6 31. Bc3 Qd7 32. Bg2 Qa4 33. Nd2 Bxd2
34. Bxd2 Rb3 35. Bc1 c6 36. Qa2 h6 37. Qe2 Rb1 38. f3 Nd7 39. Bf1 Nb6 40. Bb2
Rxe1 41. Qxe1 Qb3 42. Qe2 c3 43. Bc1 f5 44. Qd3 Kh7 45. Be2 Qa2 46. Qe3 fxe4
47. fxe4 Qc2 48. Bd3 Qd1+ 49. Kg2 Nd5 50. exd5 Bxd3 51. h3 cxd5 52. g4 g5 53.
Qg1 Be4+ 54. Kh2 Qe2+ 55. Kg3 Qf3+ 56. Kh2 Kg6 57. Be3 c2 58. Bc1 Kf7 59. Be3
Ke8 60. h4 Qf6 61. Qg3 gxh4 62. Qe5 Kf7 63. Qxf6+ Kxf6 64. Bxh6 e5 65. dxe5+
Kxe5 66. Bd2 Kd4 67. a4 Kd3 68. Bf4 Ke2 69. a5 d4 0-1

[Event "C.to Italiano Semifinale"]
[Site "Limone Piemonte ITA"]
[Date "2001.06.29"]
[Round "6"]
[White "Vozza, Nicola"]
[Black "Ubezio, Marco"]
[Result "0-1"]
[WhiteElo "1666"]
[BlackElo "2193"]
[PlyCount "62"]
[EventDate "2001.06.24"]

1. d4 Nf6 2. Bg5 c5 3. Bxf6 gxf6 4. dxc5 Nc6 5. e3 e6 6. Nd2 Bxc5 7. Nb3 Be7 8.
g3 Qc7 9. c3 d5 10. Nf3 Bd7 11. Nfd4 a6 12. Qh5 Qe5 13. Qe2 Qe4 14. Rg1 Qg6 15.
Nxc6 bxc6 16. Bg2 a5 17. e4 a4 18. Nd2 O-O 19. h4 Rfb8 20. h5 Qh6 21. Rb1 Bc5
22. Bh3 Kh8 23. g4 Qf4 24. Rg3 Bc8 25. Rf3 Qg5 26. exd5 cxd5 27. c4 Ba6 28. Kd1
dxc4 29. Ne4 Qd5+ 30. Kc1 c3 31. Qe1 cxb2+ 0-1

[Event "C.to Italiano Semifinale"]
[Site "Limone Piemonte ITA"]
[Date "2001.06.30"]
[Round "7"]
[White "Ausmins, Elmar"]
[Black "Stroppa, Daniel"]
[Result "0-1"]
[WhiteElo "2365"]
[BlackElo "2161"]
[PlyCount "129"]
[EventDate "2001.06.24"]

1. d4 d6 2. e4 Nf6 3. Nc3 e5 4. dxe5 dxe5 5. Qxd8+ Kxd8 6. Bc4 Be6 7. Bxe6 fxe6
8. Nf3 Bd6 9. Be3 Nc6 10. O-O-O Ke7 11. a3 a6 12. Nd2 h6 13. f3 b5 14. Nb3 Nd7
15. Rd3 Rhb8 16. Na2 a5 17. Rhd1 a4 18. Nd2 Na5 19. Nb4 Rc8 20. Nb1 Rab8 21.
Nc3 Rb7 22. Bf2 Nb8 23. Nb1 Kf7 24. Rc3 Be7 25. Nd2 c5 26. Nd3 Nd7 27. Bg3 Nc6
28. Nb1 c4 29. Ne1 Bg5+ 30. f4 exf4 31. Rf3 e5 32. Bf2 Be7 33. g3 g5 34. gxf4
exf4 35. Rh3 Bf8 36. Nc3 Nf6 37. Bd4 Nxd4 38. Rxd4 Re8 39. b3 axb3 40. cxb3
Bxa3+ 41. Kc2 Bc5 42. Rd1 cxb3+ 43. Kxb3 Bf8 44. Rd4 b4 45. Nd5 Nxd5 46. Rxd5
Rxe4 47. Nd3 Ra7 48. Rf5+ Kg7 49. Rb5 Ra3+ 50. Kc2 Re2+ 51. Kb1 Rg2 52. Rf3 g4
53. Rf2 Rxf2 54. Nxf2 g3 55. Rb7+ Kg8 56. hxg3 fxg3 57. Ne4 Rf3 58. Rb6 Kf7 59.
Rb7+ Ke6 60. Rb6+ Kd5 61. Nd2 Rf2 62. Kc2 g2 63. Rg6 Bc5 64. Rg8 Rxd2+ 65. Kxd2
0-1

[Event "C.to Italiano Semifinale"]
[Site "Limone Piemonte ITA"]
[Date "2001.06.30"]
[Round "7"]
[White "Brignone, Roberto"]
[Black "Rettore, Ludwig"]
[Result "1-0"]
[WhiteElo "2171"]
[BlackElo "2134"]
[PlyCount "55"]
[EventDate "2001.06.24"]

1. e4 c6 2. Nc3 d5 3. Nf3 Bg4 4. h3 Bxf3 5. Qxf3 Nf6 6. d4 dxe4 7. Nxe4 Qxd4 8.
Bd3 Nxe4 9. Bxe4 e6 10. Be3 Qe5 11. O-O-O Be7 12. Bd4 Qg5+ 13. Kb1 e5 14. Be3
Qf6 15. Qg4 O-O 16. h4 h5 17. Qxh5 g6 18. Qg4 Qg7 19. Qe2 f5 20. Bd3 b5 21.
Bxb5 cxb5 22. Qxb5 Rf7 23. Qb7 Bf6 24. Qxa8 Rb7 25. Bg5 Bxg5 26. hxg5 Qc7 27.
Rd8+ Kg7 28. Rdh8 1-0

[Event "C.to Italiano Semifinale"]
[Site "Limone Piemonte ITA"]
[Date "2001.06.30"]
[Round "7"]
[White "Farina, Saverio"]
[Black "Vozza, Nicola"]
[Result "1-0"]
[WhiteElo "2148"]
[BlackElo "1666"]
[PlyCount "69"]
[EventDate "2001.06.24"]

1. c4 e5 2. e3 f5 3. d4 e4 4. Nc3 Nf6 5. f3 Bb4 6. Qb3 Qe7 7. c5 a5 8. Bc4 Nc6
9. a3 Nxd4 10. exd4 Bxc3+ 11. Qxc3 exf3+ 12. Kf1 fxg2+ 13. Kxg2 b5 14. Bxb5 Ne4
15. Qb3 Qh4 16. Qe6+ Kd8 17. Qxf5 g5 18. Nh3 Rg8 19. Rf1 d6 20. Qf3 Bg4 21. Qb3
Rh8 22. Bc6 a4 23. Qe3 d5 24. Bxd5 Re8 25. Bxe4 Rxe4 26. Qxg5+ Qxg5 27. Bxg5+
Kc8 28. Rf8+ Kb7 29. Rxa8 Kxa8 30. Kg3 Bxh3 31. Kxh3 Rxd4 32. Rf1 Kb7 33. Rf7
Kc6 34. Rxh7 Kxc5 35. Be3 1-0

[Event "C.to Italiano Semifinale"]
[Site "Limone Piemonte ITA"]
[Date "2001.06.30"]
[Round "7"]
[White "Gardon, Ermanno"]
[Black "Modena, Giorgio"]
[Result "1-0"]
[WhiteElo "2082"]
[BlackElo "1765"]
[PlyCount "91"]
[EventDate "2001.06.24"]

1. e4 e6 2. d4 d5 3. Nc3 Bb4 4. exd5 exd5 5. Bd3 Ne7 6. Qf3 c6 7. Nh3 h6 8. Qg3
Kf8 9. Bf4 Na6 10. O-O Ba5 11. Rae1 Bc7 12. Bxa6 Bxf4 13. Nxf4 bxa6 14. Nh5 Nf5
15. Qe5 f6 16. Qf4 Qd6 17. g4 Qxf4 18. Nxf4 Nh4 19. f3 Kf7 20. Na4 Rb8 21. b3
Rb7 22. Kf2 Re8 23. Rxe8 Kxe8 24. Kg3 g5 25. Re1+ Re7 26. Rxe7+ Kxe7 27. Nc5 a5
28. Ng2 Nxg2 29. Kxg2 Kd6 30. Kg3 Ke7 31. f4 Kf7 32. h4 Ke7 33. h5 f5 34. fxg5
hxg5 35. Nd3 fxg4 36. Ne5 Bf5 37. Nxc6+ Kf6 38. c4 dxc4 39. bxc4 a4 40. a3 Bd3
41. Ne5 Be2 42. c5 Ba6 43. c6 Bb5 44. c7 Ba6 45. h6 Bc8 46. d5 1-0

[Event "C.to Italiano Semifinale"]
[Site "Limone Piemonte ITA"]
[Date "2001.06.30"]
[Round "7"]
[White "Iotti, Pierluigi"]
[Black "Astengo, Corrado"]
[Result "1/2-1/2"]
[WhiteElo "2318"]
[BlackElo "2115"]
[PlyCount "57"]
[EventDate "2001.06.24"]

1. d4 d5 2. c4 c6 3. Nf3 Nf6 4. Nc3 dxc4 5. a4 Bf5 6. e3 e6 7. Bxc4 Bb4 8. O-O
O-O 9. Qe2 Nbd7 10. Rd1 Bg6 11. Bd3 Bxd3 12. Rxd3 Qa5 13. e4 e5 14. Nxe5 Nxe5
15. dxe5 Bxc3 16. Rxc3 Qxe5 17. f3 Rfd8 18. Be3 Rd7 19. Rd1 Rad8 20. Rcd3 Qa5
21. Rxd7 Rxd7 22. Rxd7 Nxd7 23. Qd1 h6 24. Kf2 Nc5 25. Qd6 b6 26. Qxc6 Nd3+ 27.
Kg3 Qe1+ 28. Kh3 Qxe3 29. Qc8+ 1/2-1/2

[Event "C.to Italiano Semifinale"]
[Site "Limone Piemonte ITA"]
[Date "2001.06.30"]
[Round "7"]
[White "Laco, Giuseppe"]
[Black "Capece, Adolivio"]
[Result "1-0"]
[WhiteElo "2186"]
[BlackElo "2075"]
[PlyCount "85"]
[EventDate "2001.06.24"]

1. c4 c5 2. Nc3 Nc6 3. f4 Nf6 4. e4 d6 5. h3 g6 6. d3 Bg7 7. Be3 a6 8. Nge2 Qa5
9. a4 Bd7 10. g4 e5 11. Bg2 h5 12. fxe5 dxe5 13. g5 Ng8 14. O-O Nge7 15. Nd5
Nxd5 16. cxd5 Nd4 17. Nxd4 cxd4 18. Bd2 Qb6 19. b4 O-O 20. Qb3 Qd8 21. Rab1 b5
22. a5 Qe7 23. Rb2 Rac8 24. Kh2 Qd6 25. Qd1 Rfd8 26. Bf3 Rc7 27. Qe1 Rdc8 28.
Bd1 Be8 29. Qg3 Rc3 30. Rf2 Ra3 31. Bxh5 Rcc3 32. Be2 Rc7 33. h4 Rac3 34. Bd1
Rc8 35. Bxc3 dxc3 36. Rb3 Qc7 37. Rc2 Qd6 38. Bg4 Rc7 39. Rcxc3 Rxc3 40. Rxc3
Qxb4 41. Rc8 Qd2+ 42. Kh3 Kf8 43. d6 1-0

[Event "C.to Italiano Semifinale"]
[Site "Limone Piemonte ITA"]
[Date "2001.06.30"]
[Round "7"]
[White "Martorelli, Antonio"]
[Black "Piscopo, Pierluigi"]
[Result "0-1"]
[WhiteElo "2315"]
[BlackElo "2212"]
[PlyCount "88"]
[EventDate "2001.06.24"]

1. e4 c5 2. Nf3 Nc6 3. d4 cxd4 4. Nxd4 Nf6 5. Nc3 e5 6. Ndb5 d6 7. Bg5 a6 8.
Bxf6 gxf6 9. Na3 b5 10. Nd5 f5 11. c3 Bg7 12. g4 fxg4 13. Nc2 O-O 14. Nce3 Ne7
15. Nxe7+ Qxe7 16. Be2 Bh6 17. Nd5 Qh4 18. Bxg4 Kh8 19. Bf3 f5 20. Qe2 Bb7 21.
Rd1 fxe4 22. Qxe4 Rf4 23. Qe2 e4 24. Bg2 Rg4 25. Rg1 Bxd5 26. Rxd5 Rag8 27. Qf1
e3 28. Ke2 exf2 29. Qxf2 Rxg2 30. Rxg2 Qe4+ 31. Kf1 Qxd5 32. Rxg8+ Kxg8 33.
Qg3+ Bg7 34. Qg4 Qc4+ 35. Qxc4+ bxc4 36. Ke2 Kf7 37. Kd2 Ke6 38. b4 Kd5 39. a4
Ke4 40. Kc2 h5 41. h3 Bf6 42. Kd2 Bd8 43. Ke2 d5 44. a5 d4 0-1

[Event "C.to Italiano Semifinale"]
[Site "Limone Piemonte ITA"]
[Date "2001.06.30"]
[Round "7"]
[White "Miatello, Alberto"]
[Black "Camerini, Lorenzo"]
[Result "0-1"]
[WhiteElo "1869"]
[BlackElo "1834"]
[PlyCount "88"]
[EventDate "2001.06.24"]

1. e4 e6 2. d4 d5 3. e5 c5 4. Nf3 Nc6 5. Be2 cxd4 6. c3 dxc3 7. Nxc3 f6 8. exf6
Nxf6 9. Bg5 Bd6 10. O-O O-O 11. Bd3 Qe8 12. Nb5 Bb8 13. Bh4 a6 14. Nc3 Qh5 15.
Bg3 Bxg3 16. fxg3 Ng4 17. Nh4 Rxf1+ 18. Bxf1 Qg5 19. Qc1 Qxc1 20. Rxc1 Nf6 21.
Na4 Nd7 22. Be2 Kf8 23. Bg4 Ke7 24. Re1 Nce5 25. Bh3 Kd6 26. Nf3 b5 27. Nc3 h6
28. Nd4 b4 29. Na4 Nf8 30. Nb6 Rb8 31. Rxe5 Rxb6 32. Re2 Rb7 33. Rf2 Ng6 34.
Rc2 Ne7 35. Re2 e5 36. Bxc8 Nxc8 37. Nf5+ Ke6 38. Nd4+ Kf6 39. Nc6 e4 40. Rd2
Rb6 41. Rf2+ Ke6 42. Nd4+ Ke5 43. Rd2 Nd6 44. Kf2 e3+ 0-1

[Event "C.to Italiano Semifinale"]
[Site "Limone Piemonte ITA"]
[Date "2001.06.30"]
[Round "7"]
[White "Opacic, Alexandar"]
[Black "Barlocco, Carlo"]
[Result "1-0"]
[WhiteElo "1921"]
[BlackElo "2159"]
[PlyCount "83"]
[EventDate "2001.06.24"]

1. e4 c5 2. Nf3 a6 3. d4 cxd4 4. Nxd4 Nf6 5. Nc3 e5 6. Nf3 Nc6 7. Bc4 Bb4 8.
O-O h6 9. Nd5 d6 10. Nxb4 Nxb4 11. c3 Nc6 12. Re1 O-O 13. h3 Qc7 14. Bb3 Na5
15. Bc2 Be6 16. Nh4 Rfd8 17. Qf3 Qe7 18. Nf5 Bxf5 19. Qxf5 Rac8 20. Qf3 Nc6 21.
Bb1 b5 22. a3 Qe6 23. Qg3 Kh7 24. Bc2 Nd4 25. Bb1 Nb3 26. Ba2 a5 27. Bd2 a4 28.
Rad1 Nd7 29. f4 f6 30. f5 Qf7 31. Bxb3 axb3 32. Qd3 Rc4 33. Qxd6 Rdc8 34. Be3
Nf8 35. Qd5 Qe8 36. g4 g6 37. Kf2 gxf5 38. gxf5 Qh5 39. Rg1 Qh4+ 40. Rg3 Ne6
41. Qxe6 R4c7 42. Rd7+ 1-0

[Event "C.to Italiano Semifinale"]
[Site "Limone Piemonte ITA"]
[Date "2001.06.30"]
[Round "7"]
[White "Parrella, Alfredo"]
[Black "Sbarra, Marco"]
[Result "1-0"]
[WhiteElo "2174"]
[BlackElo "2303"]
[PlyCount "103"]
[EventDate "2001.06.24"]

1. e4 c5 2. Nf3 Nc6 3. d4 cxd4 4. Nxd4 e6 5. Nb5 d6 6. c4 Nf6 7. N1c3 a6 8. Na3
b6 9. Be2 Bb7 10. Be3 Ne5 11. f4 Ned7 12. Bf3 h6 13. Rc1 Be7 14. Nab1 O-O 15.
O-O Qc7 16. Qe2 Rac8 17. Nd2 Qb8 18. Rfd1 Rfe8 19. Qf2 Bd8 20. b3 Bc7 21. g3
Bc6 22. b4 b5 23. cxb5 axb5 24. Ne2 Bb6 25. Bxb6 Nxb6 26. Nd4 Bd7 27. N4b3 Nc4
28. Rc3 e5 29. Rdc1 d5 30. fxe5 Nxe5 31. exd5 Rxc3 32. Rxc3 Nxf3+ 33. Nxf3 Ne4
34. Qd4 Nxc3 35. Qxc3 Bh3 36. Nbd4 Rd8 37. Nc6 Qb6+ 38. Qc5 Qxc5+ 39. bxc5 Ra8
40. Ncd4 Rxa2 41. c6 Kf8 42. d6 Ke8 43. g4 b4 44. d7+ Kd8 45. Ne5 Rg2+ 46. Kh1
Rf2 47. Nxf7+ Rxf7 48. Ne6+ Ke7 49. d8=Q+ Kxe6 50. Qe8+ Kf6 51. Qe4 b3 52. c7
1-0